00810 a2200145 4500003000500000005001700005040000900022082001400031100001400045245004600059260002700105300001700132505049800149650001700647Nust20221221104336.0 cNust a320.8,SIM aSimon.E.D aA city Council From Within / cE D Simon aLondonbLongmansc1926 axx ,246: p.; aIntroduction (Page-1), The Electricity Committee (Page-8), The Public Health Committee (Page-16), The Housing Committee (Page-32), The Education Committee (Page-73), The Committee Systems (Page-82), Government Control (Page-101), The Civil Service (Page-130), The Lord Mayor (Page-151), The Limits of Maniple Trading (Page-168), The Limits of Municipal Trading(Page-168), The City Council (Page-181), The Party Systems (Page-194), Areas of Local Government (Page-201), Conclusion (Page-238). aCity Council